[Event "AUTO-INT-1583"]
[Site "http://www.queenalice.com/game.php?id=716650"]
[Date "2010.1.19"]
[Round "1"]
[White "Cachao"]
[Black "RenatoAraujo"]
[Result "0-1"]
[WhiteElo "1604"]
[BlackElo "2012"]

1. e4 c5 2. Nf3 d6 3. d4 cxd4 4. Nxd4 Nf6 5. Bd3 a6 6. O-O e5 7. Nf3 Be7 8. Nc3
O-O 9. Nd5 Nxd5 10. exd5 f5 11. Ne1 Nd7 12. Bxf5 Rxf5 13. b3 Bg5 14. Qg4 Nf6 15.
Bxg5 Rf4 16. Qg3 Rg4 17. Qe3 h6 18. Bxf6 Qxf6 19. f3 Rg6 20. c4 Bf5 21. g4 e4
22. fxe4 Qxa1 23. exf5 Rxg4+ 24. Kh1 Qf6 0-1

[Event "Challenge"]
[Site "http://www.queenalice.com/game.php?id=718261"]
[Date "2010.1.22"]
[Round "-"]
[White "Cachao"]
[Black "andrebardo"]
[Result "0-1"]
[WhiteElo "1588"]
[BlackElo "1919"]

1. e4 e5 2. Nf3 Nc6 3. Bb5 a6 4. Bxc6 bxc6 5. d4 exd4 6. Qxd4 c5 7. Qe5+ Ne7 8.
Bh6 f6 9. Qh5+ Ng6 10. Be3 d6 11. Nc3 Be7 12. O-O-O O-O 13. e5 Nxe5 14. Nxe5
fxe5 15. Nd5 c6 16. Nxe7+ Qxe7 17. f4 e4 18. Rhe1 d5 19. Rxd5 cxd5 20. Qxd5+ Be6
21. Qxe4 Rfe8 22. b3 Qf6 23. Bxc5 Qa1+ 24. Kd2 Rad8+ 0-1

[Event "Challenge"]
[Site "http://www.queenalice.com/game.php?id=718262"]
[Date "2010.1.22"]
[Round "-"]
[White "Cachao"]
[Black "mariarosa"]
[Result "0-1"]
[WhiteElo "1637"]
[BlackElo "2108"]

1. e4 e5 2. Nf3 Nc6 3. Bb5 a6 4. Bxc6 dxc6 5. Nxe5 Bd6 6. Ng4 Nf6 7. Nxf6+ Qxf6
8. O-O O-O 9. g3 c5 10. c3 c4 11. d3 cxd3 12. Qxd3 Bh3 13. Re1 Rad8 14. Nd2 Bc5
15. Qf3 Qe6 16. Qh5 Ba7 17. Nf3 Bg4 18. Qxh7+ Kxh7 19. Ng5+ Kg8 20. Nxe6 Bxe6
21. Be3 Bxe3 22. Rxe3 Rd2 23. b3 f5 24. f4 Rfd8 25. Ree1 fxe4 26. Rxe4 Bh3 27.
Rae1 Rg2+ 28. Kh1 Rdd2 29. Re8+ Kh7 30. R8e5 Rxh2+ 31. Kg1 Rdg2+ 32. Kf1 Rxg3#
0-1

[Event "Challenge"]
[Site "http://www.queenalice.com/game.php?id=718263"]
[Date "2010.1.22"]
[Round "-"]
[White "Cachao"]
[Black "mariarosa"]
[Result "0-1"]
[WhiteElo "1588"]
[BlackElo "2079"]

1. e4 Nf6 2. Nc3 e6 3. d4 Bb4 4. Bd2 Bxc3 5. Bxc3 Nxe4 6. Qf3 Nf6 7. O-O-O d5 8.
Bd3 O-O 9. h3 b6 10. Bb4 c6 11. Bxf8 Qxf8 12. Ne2 Ba6 13. Bxa6 Nxa6 14. g4 Ne4
15. Rhf1 c5 16. Ng3 Nd6 17. dxc5 Nxc5 18. h4 Nd7 19. g5 Ne5 20. Qh1 Ndc4 21.
Rfe1 Qb4 22. Rd4 Qxb2+ 23. Kd1 Qxd4+ 24. Kc1 Qa1# 0-1

[Event "AUTO-INT-1510"]
[Site "http://www.queenalice.com/game.php?id=732561"]
[Date "2010.2.16"]
[Round "2"]
[White "leduar"]
[Black "Cachao"]
[Result "0-1"]
[WhiteElo "1936"]
[BlackElo "1608"]

1. e4 e5 2. Nf3 d6 3. d4 exd4 4. Qxd4 Nf6 5. e5 Nfd7 6. Bf4 dxe5 7. Nxe5 Qe7 8.
Be2 Nxe5 9. Qxe5 Qxe5 10. Bxe5 c6 11. O-O Nd7 12. Bd4 c5 13. Be3 g6 14. Nc3 Bg7
15. Na4 b6 16. Bf3 Ba6 17. Rfe1 Rd8 18. Bg5+ Ne5 19. Bxd8 Kxd8 20. Rad1+ Kc8 21.
Be2 Bxe2 22. Rxe2 Nc4 23. Re4 Na5 24. b4 cxb4 25. Rxb4 Nc6 26. Rf4 f5 27. g4 Bh6
28. Rf3 fxg4 29. Rc3 Kc7 30. Kg2 Bg7 31. Rcd3 Rd8 32. Rd7+ Rxd7 33. Rxd7+ Kxd7
34. Kg3 h5 35. Kh4 Bf6+ 36. Kg3 g5 37. h3 gxh3 38. Kxh3 Ke6 39. c3 b5 40. Nc5+
Kf5 41. Kg3 g4 42. f4 h4+ 43. Kf2 Bxc3 44. Nd3 Ke4 45. Nc1 g3+ 46. Kg2 Bd2 47.
Nb3 Bxf4 48. Nc5+ Kf5 49. Nd3 Kg4 50. a3 h3+ 51. Kh1 g2+ 52. Kg1 Kg3 53. a4 h2#
0-1

[Event "AUTO-INT-1510"]
[Site "http://www.queenalice.com/game.php?id=732562"]
[Date "2010.2.16"]
[Round "2"]
[White "Cachao"]
[Black "leduar"]
[Result "0-1"]
[WhiteElo "1588"]
[BlackElo "1934"]

1. e4 e5 2. Nf3 Nf6 3. Nc3 Bb4 4. Nxe5 d6 5. Nd3 Bxc3 6. dxc3 Qe7 7. Qe2 Qxe4 8.
Qxe4+ Nxe4 9. g3 O-O 10. Bg2 Re8 11. O-O Nf6 12. b3 Na6 13. Ba3 Rb8 14. Rae1
Rxe1 15. Rxe1 Be6 16. Nf4 Bd7 17. c4 g5 18. Nd5 Nxd5 19. cxd5 Re8 20. Rxe8+ Bxe8
21. c4 c6 22. dxc6 Bxc6 23. Bxc6 bxc6 24. Bxd6 f5 25. Be7 h6 26. h4 Kf7 27. Bd8
g4 28. Kg2 Nc5 29. f3 h5 30. fxg4 fxg4 31. b4 Nd3 32. a3 Ke6 33. b5 Kd7 34. Ba5
Ne5 35. b6 axb6 36. Bxb6 Nxc4 37. Bc5 Ke6 38. a4 Kd5 39. Be7 c5 40. Bd8 Nd6 41.
Kf2 Ne4+ 42. Kg2 c4 43. a5 Nc5 44. Kf2 c3 45. Ke2 Ne4 46. Kd3 Nxg3 47. Kxc3 Nf5
48. Bc7 Nxh4 49. Kb4 Kc6 50. Bd8 Nf3 51. Bb6 g3 52. Kc4 h4 0-1

[Event "AUTO-INT-1510"]
[Site "http://www.queenalice.com/game.php?id=732563"]
[Date "2010.2.16"]
[Round "2"]
[White "chessfourme"]
[Black "Cachao"]
[Result "1-0"]
[WhiteElo "1922"]
[BlackElo "1765"]

1. Nf3 g6 2. d4 Bg7 3. c4 Nf6 4. Nc3 O-O 5. Bg5 b6 6. e3 Nc6 7. Bd3 Nb4 8. Be2
d6 9. O-O d5 10. a3 Nc6 11. Rc1 dxc4 12. Bxc4 Na5 13. Bd3 Bb7 14. Nb5 c6 15. Nc3
c5 16. Be2 cxd4 17. Nxd4 h6 18. Bh4 Ng4 19. Bxg4 b5 20. Ncxb5 Ba6 21. Be2 Rb8
22. Bg3 Rb6 23. Bc7 Qd5 24. Bxb6 Bb7 25. Bf3 Qg5 26. Bxa5 Ba6 27. Qb3 e6 28. Be2
Bxb5 29. Qxb5 Qxb5 30. Nxb5 a6 31. Nc3 Ra8 32. Rfd1 Rb8 33. b4 h5 34. Bxa6 Kh7
35. Rd8 Rxd8 36. Bxd8 Kh6 37. b5 Bf8 38. a4 Bg7 39. b6 Be5 40. Bc7 1-0

[Event "AUTO-INT-1510"]
[Site "http://www.queenalice.com/game.php?id=732564"]
[Date "2010.2.16"]
[Round "2"]
[White "Cachao"]
[Black "chessfourme"]
[Result "1/2-1/2"]
[WhiteElo "1755"]
[BlackElo "1950"]

1. e4 c5 2. Bc4 e6 3. Nf3 Nc6 4. d3 d5 5. exd5 exd5 6. Bb5 Nf6 7. Qe2+ Be6 8.
Ng5 Be7 9. Nxe6 fxe6 10. Qxe6 Qd6 11. Qxd6 Bxd6 12. Nc3 O-O 13. Bxc6 bxc6 14.
O-O Rae8 15. g3 Rf7 16. Bd2 Rfe7 17. Rae1 Rxe1 18. Rxe1 a6 19. Rxe8+ Nxe8 20.
Na4 Kf7 21. c4 d4 22. Kg2 Nf6 23. b3 h6 24. Kf3 Nd7 25. Ke4 Kf6 26. h4 Be5 27.
f4 Bd6 28. g4 g6 29. g5+ hxg5 30. fxg5+ Ke6 31. Nb2 Bg3 32. a3 Bxh4 33. b4 cxb4
34. axb4 Bf2 35. Na4 Ne5 36. Nc5+ Kd6 37. Nxa6 Ng4 38. Kf3 Be3 39. Be1 Ne5+ 40.
Ke4 Nf7 41. c5+ Ke6 42. Nc7+ 1/2-1/2

[Event "AUTO-INT-1541"]
[Site "http://www.queenalice.com/game.php?id=750525"]
[Date "2010.3.23"]
[Round "2"]
[White "Cachao"]
[Black "jpfaro"]
[Result "1-0"]
[WhiteElo "1637"]
[BlackElo "1772"]

1. e4 e5 2. Nf3 Nc6 3. Bb5 Bc5 4. Bxc6 dxc6 5. O-O Nf6 6. d3 O-O 7. Nxe5 Qd4 8.
Nf3 Bg4 9. Nxd4 Bxd1 10. Rxd1 Bxd4 11. c3 Be5 12. Nd2 b5 13. Nf3 Nd7 14. Nxe5
Nxe5 15. Bf4 Rfe8 16. d4 Ng6 17. Bxc7 Rxe4 18. Re1 Rae8 19. Rxe4 Rxe4 20. f3 Re6
21. Rd1 Nh4 22. d5 cxd5 23. Rxd5 h6 24. Bg3 Ng6 25. Rxb5 f6 26. Rb8+ Kh7 27. Rc8
h5 28. b4 Ne5 29. Bxe5 Rxe5 30. c4 Re1+ 31. Kf2 Ra1 32. b5 Rxa2+ 33. Ke3 Rxg2
34. Ra8 Ra2 35. b6 Rb2 36. bxa7 Rb3+ 37. Kd4 Rb4 38. Rb8 Ra4 39. a8=Q Rxa8 40.
Rxa8 1-0

[Event "AUTO-INT-1541"]
[Site "http://www.queenalice.com/game.php?id=750526"]
[Date "2010.3.23"]
[Round "2"]
[White "jpfaro"]
[Black "Cachao"]
[Result "1/2-1/2"]
[WhiteElo "1842"]
[BlackElo "1729"]

1. e4 c5 2. c4 g6 3. d4 Qb6 4. Nf3 Bg7 5. Nc3 cxd4 6. Nd5 Qd6 7. Nxd4 Nf6 8. Nb5
Qe5 9. Nbc7+ Kd8 10. Nxa8 Qxe4+ 11. Qe2 Qxe2+ 12. Bxe2 d6 13. O-O Nxd5 14. cxd5
b6 15. Be3 Bb7 16. Nxb6 axb6 17. Bxb6+ Ke8 18. Bb5+ Kf8 19. Rac1 Bxb2 20. Rc2
Be5 21. Ba7 Ba6 22. Bxa6 Nxa6 23. Rb1 Kg7 24. Rc6 Nc5 25. Rb8 Rxb8 26. Bxb8 Nd3
27. a4 f5 28. Rb6 Bd4 29. Rb7 Kf6 30. a5 Nc5 31. Ba7 Bc3 32. Rb5 Na6 33. Bb6 e6
34. f4 exd5 35. Rxd5 Ke6 36. Rb5 d5 37. Ba7 Kd6 38. Bf2 Nc7 39. Rb6+ Kd7 40. a6
d4 41. a7 d3 42. Be3 d2 43. Rb1 Kc8 44. Rb8+ Kd7 45. Rb1 Kc8 46. Bxd2 Bxd2
1/2-1/2

[Event "AUTO-INT-1541"]
[Site "http://www.queenalice.com/game.php?id=750527"]
[Date "2010.3.23"]
[Round "2"]
[White "Cachao"]
[Black "ciceroeduardo"]
[Result "1-0"]
[WhiteElo "1734"]
[BlackElo "1578"]

1. e4 e5 2. Nf3 Nc6 3. Bb5 a6 4. Bxc6 dxc6 5. Nxe5 Qd4 6. Nd3 Qxe4+ 7. Qe2 Qxe2+
8. Kxe2 Nf6 9. Re1 Be7 10. Kf1 Be6 11. b3 O-O 12. Ba3 Bxa3 13. Nxa3 1-0

[Event "AUTO-INT-1541"]
[Site "http://www.queenalice.com/game.php?id=750528"]
[Date "2010.3.23"]
[Round "2"]
[White "ciceroeduardo"]
[Black "Cachao"]
[Result "0-1"]
[WhiteElo "1568"]
[BlackElo "1744"]

1. e4 e5 2. Nf3 Nc6 3. Bc4 Nh6 4. O-O d6 5. Nc3 Nd4 6. Nxd4 exd4 7. Ne2 c5 8. d3
Qf6 9. c3 dxc3 10. bxc3 g6 11. Qa4+ Bd7 12. Bb5 Qe7 0-1

[Event "AUTO-INT-1541"]
[Site "http://www.queenalice.com/game.php?id=750529"]
[Date "2010.3.23"]
[Round "2"]
[White "Cachao"]
[Black "bluprince"]
[Result "1/2-1/2"]
[WhiteElo "1658"]
[BlackElo "1909"]

1. e4 e5 2. Nf3 Nc6 3. Bb5 Qf6 4. Bxc6 Qxc6 5. d3 f6 6. O-O d5 7. exd5 Qxd5 8.
Nc3 Qc6 9. Re1 Bd6 10. Ne2 Bg4 11. Nd2 Bxe2 12. Rxe2 O-O-O 13. Re1 h5 14. Ne4
Ne7 15. Nxd6+ Rxd6 16. c3 Nf5 17. Be3 Nh4 18. f3 e4 19. fxe4 f5 20. Bf2 Nxg2 21.
Kxg2 fxe4 22. Rxe4 Rg6+ 23. Bg3 h4 24. Qf3 hxg3 25. hxg3 Qd7 26. g4 Rgh6 27. Rg1
Rh3 28. Qf5 Qxf5 29. gxf5 Rxd3 30. Kf1 Rf3+ 31. Ke2 Rxf5 32. Rxg7 Rd5 33. Reg4
1/2-1/2

[Event "AUTO-INT-1541"]
[Site "http://www.queenalice.com/game.php?id=750530"]
[Date "2010.3.23"]
[Round "2"]
[White "bluprince"]
[Black "Cachao"]
[Result "1/2-1/2"]
[WhiteElo "1924"]
[BlackElo "1668"]

1. e4 c5 2. Bc4 Nf6 3. e5 Ng8 4. Qf3 e6 5. d3 Nc6 6. Nc3 Nd4 7. Qd1 d5 8. Bb5+
Nxb5 9. Nxb5 a6 10. Nc3 d4 11. Ne4 b6 12. Nh3 Bb7 13. Bf4 Bxe4 14. dxe4 Ne7 15.
Bg5 h6 16. Bxe7 Bxe7 17. Nf4 Qc7 18. Qf3 Qxe5 19. Nd3 Qf6 20. Qxf6 Bxf6 21. b3
Rc8 22. O-O e5 23. Rfd1 O-O 24. a4 c4 25. bxc4 Rxc4 26. Ra2 Rfc8 27. Rd2 b5 28.
axb5 axb5 29. Rb2 Ra4 30. g3 Ra5 31. h4 g5 32. hxg5 hxg5 33. f4 gxf4 34. gxf4
exf4 35. Nxf4 d3 36. Nd5 dxc2 37. Rbxc2 Rxc2 38. Rxc2 Bd4+ 1/2-1/2

[Event "Challenge"]
[Site "http://www.queenalice.com/game.php?id=767376"]
[Date "2010.4.27"]
[Round "-"]
[White "Cachao"]
[Black "mariarosa"]
[Result "0-1"]
[WhiteElo "1729"]
[BlackElo "2153"]

1. e4 Nf6 2. Nc3 e6 3. d3 Be7 4. e5 Nd5 5. Nxd5 exd5 6. d4 d6 7. exd6 Bxd6 8.
Qe2+ Be6 9. Nf3 O-O 10. Ng5 Bf5 11. Qb5 h6 12. Nf3 b6 13. Qxd5 Bb4+ 0-1

[Event "Challenge"]
[Site "http://www.queenalice.com/game.php?id=793646"]
[Date "2010.6.22"]
[Round "-"]
[White "Cachao"]
[Black "URANUS"]
[Result "0-1"]
[WhiteElo "1753"]
[BlackElo "2289"]

1. e4 Nc6 2. Bb5 d5 3. Bxc6+ bxc6 4. exd5 cxd5 5. Qf3 e5 6. d3 Nf6 7. Bg5 Rb8 8.
Bxf6 gxf6 9. Ne2 Rxb2 10. c4 Bb4+ 11. Kd1 dxc4 12. Kc1 Rxe2 13. Qxe2 Qd4 14. Nc3
cxd3 15. Qe4 Qxc3+ 0-1

[Event "AUTO-OPEN-2062"]
[Site "http://www.queenalice.com/game.php?id=812711"]
[Date "2010.8.3"]
[Round "1"]
[White "LEOKnopp"]
[Black "Cachao"]
[Result "0-1"]
[WhiteElo "1481"]
[BlackElo "1760"]

1. e4 e5 2. g4 Nf6 3. g5 Nxe4 4. Nf3 d6 5. Bc4 Nxg5 6. d4 Nxf3+ 7. Qxf3 f6 8.
Bh6 Nc6 9. Nc3 exd4 10. Bxg7 Bxg7 11. O-O dxc3 12. bxc3 Ne5 13. Rfe1 Kd7 14.
Red1 Nxf3+ 15. Kg2 Ne5 16. Bd5 c6 17. Be4 Kc7 18. Kg3 f5 19. f4 fxe4 20. fxe5
Bxe5+ 21. Kf2 Qf6+ 22. Ke3 Qf4+ 23. Ke2 Bg4+ 24. Ke1 Qe3+ 25. Kf1 Qe2+ 26. Kg1
Bxh2+ 27. Kh1 Bf3# 0-1

[Event "AUTO-OPEN-2062"]
[Site "http://www.queenalice.com/game.php?id=812712"]
[Date "2010.8.3"]
[Round "1"]
[White "Cachao"]
[Black "LEOKnopp"]
[Result "1-0"]
[WhiteElo "1753"]
[BlackElo "1521"]

1. e4 e5 2. Nf3 Nc6 3. d4 exd4 4. Nxd4 Bb4+ 5. c3 Bc5 6. Be3 Nf6 7. Nxc6 bxc6 8.
Bxc5 d6 9. Bd4 Nxe4 10. Bxg7 Rg8 11. Bd4 c5 12. Be3 a5 13. Nd2 Ng5 14. Qe2 Ne6
15. Qf3 Qe7 16. Qxa8 c6 17. Qxc8+ Nd8 18. g3 Kf8 19. Bc4 d5 20. Bd3 d4 21. cxd4
Kg7 22. O-O h6 23. Rae1 Nb7 24. Qxc6 Nd6 25. Bxh6+ Kxh6 26. Rxe7 Kg5 27. Qxd6
cxd4 28. Qf4+ Kh5 29. Qh4# 1-0

[Event "AUTO-OPEN-2062"]
[Site "http://www.queenalice.com/game.php?id=812739"]
[Date "2010.8.3"]
[Round "1"]
[White "Cachao"]
[Black "WakanTanka"]
[Result "0-1"]
[WhiteElo "1753"]
[BlackElo "2051"]

1. e4 c5 2. Bc4 a6 3. Qf3 e6 4. d3 Nc6 5. c3 Nf6 6. Bg5 Be7 7. Ne2 O-O 8. Bxf6
Bxf6 9. O-O b5 10. Bb3 a5 11. a4 bxa4 12. Bxa4 Ba6 13. Bxc6 dxc6 14. Na3 Qxd3
15. Qxd3 Bxd3 16. Rfe1 Bxe4 17. Nf4 Bd5 18. Nxd5 cxd5 19. Nb5 Rab8 20. Nd6 Rxb2
21. Rec1 Be7 22. Rcb1 Rxb1+ 23. Rxb1 Bxd6 24. g3 Rb8 0-1

[Event "AUTO-OPEN-2062"]
[Site "http://www.queenalice.com/game.php?id=812740"]
[Date "2010.8.3"]
[Round "1"]
[White "WakanTanka"]
[Black "Cachao"]
[Result "1-0"]
[WhiteElo "2020"]
[BlackElo "1753"]

1. d4 d5 2. c4 dxc4 3. e3 Nc6 4. Bxc4 e6 5. Nf3 Bb4+ 6. Nc3 Nf6 7. O-O Bxc3 8.
bxc3 Na5 9. Qa4+ c6 10. Ba3 b5 11. Bxb5 cxb5 12. Qxb5+ Bd7 13. Qd3 a6 14. Nd2
Qc7 15. c4 Ng4 16. f4 g6 17. h3 Nf6 18. d5 exd5 19. cxd5 Bb5 20. Qd4 Bxf1 21.
Qxf6 Rg8 22. Rc1 Qd8 23. Qe5+ Kd7 24. Kxf1 Re8 25. Qd6# 1-0

[Event "AUTO-OPEN-2062"]
[Site "http://www.queenalice.com/game.php?id=812741"]
[Date "2010.8.3"]
[Round "1"]
[White "Cachao"]
[Black "elpiada"]
[Result "0-1"]
[WhiteElo "1763"]
[BlackElo "1608"]

1. e4 e6 2. d4 c6 3. d5 cxd5 4. exd5 e5 5. Nf3 d6 6. Bb5+ Bd7 7. Bxd7+ Nxd7 8.
O-O Ngf6 9. Nc3 Be7 10. b3 Nh5 11. Nd2 Nf4 12. Qg4 O-O 13. Nf3 Nf6 14. Qg3 N6h5
15. Qg4 f5 16. Nd4 fxg4 17. g3 Nh3+ 18. Kh1 Nxf2+ 19. Kg2 exd4 20. Ne2 Ne4 21.
Bb2 Nd2 0-1

[Event "AUTO-OPEN-2062"]
[Site "http://www.queenalice.com/game.php?id=812742"]
[Date "2010.8.3"]
[Round "1"]
[White "elpiada"]
[Black "Cachao"]
[Result "1-0"]
[WhiteElo "1683"]
[BlackElo "1741"]

1. e3 e5 2. c3 Nc6 3. Bc4 d5 4. Bb5 Bd7 5. Nf3 e4 6. Nd4 Nxd4 7. Bxd7+ Qxd7 8.
cxd4 O-O-O 9. Nc3 Nf6 10. d3 exd3 11. Qxd3 Bb4 12. a3 Bxc3+ 13. bxc3 g6 14. O-O
Qd6 15. e4 Ng4 16. e5 Qe6 17. f3 Nxh2 18. Kxh2 h5 19. Rb1 c6 20. Bg5 Rdg8 21. a4
Rf8 22. Bf6 Rh7 23. a5 h4 24. a6 b6 25. Rb2 h3 26. g3 c5 27. dxc5 bxc5 28. Rfb1
1-0